UBT Library

Surgical technology principlea and practice: (Record no. 1754)

000 -LEADER
fixed length control field 00348nam a22001217a 4500
008 - FIXED-LENGTH DATA ELEMENTS--GENERAL INFORMATION
fixed length control field 160503b xxu||||| |||| 00| 0 eng d
020 ## - INTERNATIONAL STANDARD BOOK NUMBER
International Standard Book Number 9780721604978
020 ## - INTERNATIONAL STANDARD BOOK NUMBER
International Standard Book Number 0721604978
041 ## - LANGUAGE CODE
Language code of text/sound track or separate title eng
080 ## - UNIVERSAL DECIMAL CLASSIFICATION NUMBER
Universal Decimal Classification number 61
245 ## - TITLE STATEMENT
Title Surgical technology principlea and practice:
Statement of responsibility, etc Joanna Kotcher Fuller:Christina L. Baumer; Nancy H. Wright;
942 ## - ADDED ENTRY ELEMENTS (KOHA)
Source of classification or shelving scheme
Item type Books
Holdings
Withdrawn status Lost status Source of classification or shelving scheme Damaged status Not for loan Collection code Permanent location Current location Shelving location Date acquired Total Checkouts Full call number Barcode Date last seen Price effective from Koha item type
          Koleksioni i përgjithshem UBT - Lipjan UBT - Lipjan Koleksioni i përgjithshem 05/03/2016   61 FULL 002-035467 05/03/2016 05/03/2016 Books
UBT Library © 2015-2024. All rights reserved University Education for Business and Technology